Russkij jazyk : učebnoje posobije dlja nerusskich pedagogičeskich učilišč. Čast´ 1, Leksika, fonetika i morfologija /
Uložené v:
| Hlavní autori: | , |
|---|---|
| Médium: | Kniha |
| Jazyk: | Russian |
| Vydané: |
Moskva :
Pedagogičeskoje izdatel´stvo,
1951
|
| Vydanie: | 1. izd. |
| Témy: | |
| ISBN: |
(viaz.) |
| Fyzický popis: |
362 s. |
| Tagy: |
Pridať tag
Žiadne tagy, Buďte prvý kto otaguje tento záznam!
|
Titul je dostupný aj v ... 

MARC
| LEADER | 00000nam a2200000 a 4500 | ||
|---|---|---|---|
| 001 | 000014028 | ||
| 005 | 20051012112458.0 | ||
| 008 | 050803s1951 ru e 000 0 ruso | ||
| 020 | |a (viaz.) | ||
| 040 | |a SVKKK |b slo |c SVKKK |e AACR2 | ||
| 041 | 0 | |a rus | |
| 044 | |a ru |c RU | ||
| 072 | 7 | |a 811.161 |x Východoslovanské jazyky |2 konspekt | |
| 080 | |a 811.161.1 |2 1997 | ||
| 080 | |a (075.3) |2 1997 | ||
| 100 | 1 | |a Bednjakov, A. S. |4 aut | |
| 245 | 1 | 0 | |a Russkij jazyk : |b učebnoje posobije dlja nerusskich pedagogičeskich učilišč. |n Čast´ 1, |p Leksika, fonetika i morfologija / |c A. S. Bednjakov, A. S. Matijčenko |
| 246 | 3 | 0 | |a Leksika, fonetika i morfologija |
| 250 | |a 1. izd. | ||
| 260 | |a Moskva : |b Pedagogičeskoje izdatel´stvo, |c 1951 | ||
| 300 | |a 362 s. | ||
| 650 | 0 | 7 | |a ruština |2 SVKKKPH |
| 655 | 7 | |a učebnice stredných škôl |2 SVKKKPH | |
| 655 | 7 | |a učebnice |2 SVKKKPH | |
| 700 | 1 | |a Matijčenko, A. S. |4 aut | |
| 998 | |a BK | ||
| 090 | |g SCKHL |k Sklad Pribinova 2. posch. |a III.159159 |j 848323 |i B19635 |4 Zastaraná |s Vyradená | ||